<?xml version="1.0" encoding="UTF-8"?>
<record
    xmlns:xsi="http://www.w3.org/2001/XMLSchema-instance"
    xsi:schemaLocation="http://www.loc.gov/MARC21/slim http://www.loc.gov/standards/marcxml/schema/MARC21slim.xsd"
    xmlns="http://www.loc.gov/MARC21/slim">

  <leader>01469cab a2200313Ia 45 0</leader>
  <controlfield tag="001">u184752</controlfield>
  <controlfield tag="003">SIRSI</controlfield>
  <controlfield tag="008">100906s2007    ua     ss b   0     eng d</controlfield>
  <datafield tag="040" ind1=" " ind2=" ">
    <subfield code="a">EAL</subfield>
  </datafield>
  <datafield tag="041" ind1=" " ind2=" ">
    <subfield code="a">eng</subfield>
    <subfield code="b">ara</subfield>
  </datafield>
  <datafield tag="090" ind1=" " ind2=" ">
    <subfield code="a">ART AASM V45 No2 31</subfield>
  </datafield>
  <datafield tag="100" ind1="1" ind2=" ">
    <subfield code="a">EL-Dessouki, S. A.</subfield>
  </datafield>
  <datafield tag="240" ind1="1" ind2="0">
    <subfield code="a">Annals of agricultural science, Moshtohor, 2007 v.45 (2)</subfield>
    <subfield code="h">[electronic resource].</subfield>
  </datafield>
  <datafield tag="245" ind1="1" ind2="0">
    <subfield code="a">Effects of entomopathogens and botanical extracts mixture on certain biological aspects of Spodoptera littoralis (boisd) (noctuidae : lepidoptera)</subfield>
    <subfield code="h">[electronic resource].</subfield>
  </datafield>
  <datafield tag="246" ind1="1" ind2="5">
    <subfield code="a">&#x62A;&#x623;&#x62B;&#x64A;&#x631; &#x645;&#x62E;&#x644;&#x648;&#x637; &#x628;&#x639;&#x636; &#x627;&#x644;&#x645;&#x645;&#x631;&#x636;&#x627;&#x62A; &#x627;&#x644;&#x62D;&#x634;&#x631;&#x64A;&#x629; &#x648;&#x627;&#x644;&#x645;&#x633;&#x62A;&#x62E;&#x644;&#x635;&#x627;&#x62A; &#x627;&#x644;&#x646;&#x628;&#x627;&#x62A;&#x64A;&#x629; &#x639;&#x644;&#x649; &#x628;&#x639;&#x636; &#x627;&#x644;&#x635;&#x641;&#x627;&#x62A; &#x627;&#x644;&#x628;&#x64A;&#x648;&#x644;&#x648;&#x62C;&#x64A;&#x629; &#x644;&#x62F;&#x648;&#x62F;&#x629; &#x648;&#x631;&#x642; &#x627;&#x644;&#x642;&#x637;&#x646;.</subfield>
  </datafield>
  <datafield tag="300" ind1=" " ind2=" ">
    <subfield code="a">p.911-922</subfield>
  </datafield>
  <datafield tag="504" ind1=" " ind2=" ">
    <subfield code="a">Includes reference.</subfield>
  </datafield>
  <datafield tag="520" ind1=" " ind2=" ">
    <subfield code="a">Effects of Nerium oleander extract, Bacillus thuringiensis (Dipel 2x) and nuclear Polyhedrosis virus (NPV) mixture on certain biological aspects of Spodoptera littoralis were evaluated</subfield>
  </datafield>
  <datafield tag="546" ind1=" " ind2=" ">
    <subfield code="a">Summary in Arabic.</subfield>
  </datafield>
  <datafield tag="650" ind1=" " ind2="0">
    <subfield code="a">Lepidoptera</subfield>
    <subfield code="x">Control.</subfield>
  </datafield>
  <datafield tag="650" ind1=" " ind2="0">
    <subfield code="a">Spodoptera littoralis</subfield>
    <subfield code="x">Control.</subfield>
  </datafield>
  <datafield tag="650" ind1=" " ind2="0">
    <subfield code="a">Biological pest control agents</subfield>
    <subfield code="x">Biotechnology.</subfield>
  </datafield>
  <datafield tag="700" ind1="1" ind2=" ">
    <subfield code="a">Ibrahim, L.</subfield>
  </datafield>
  <datafield tag="700" ind1="1" ind2=" ">
    <subfield code="a">Farghli., A. A.</subfield>
  </datafield>
  <datafield tag="700" ind1="1" ind2=" ">
    <subfield code="a">EI-Tantawy, B. A.</subfield>
  </datafield>
  <datafield tag="773" ind1="0" ind2=" ">
    <subfield code="t">Annals of Agricultural Science, Moshtohor. </subfield>
    <subfield code="g">2007.v.45(2)</subfield>
    <subfield code="x">1110-0419</subfield>
  </datafield>
  <datafield tag="856" ind1="4" ind2="0">
    <subfield code="u">http://nile.enal.sci.eg/EALE/2007/AASM/4507/2/911.pdf</subfield>
    <subfield code="z">Full Text Article</subfield>
  </datafield>
  <datafield tag="596" ind1=" " ind2=" ">
    <subfield code="a">1</subfield>
  </datafield>
  <datafield tag="942" ind1=" " ind2=" ">
    <subfield code="c">AR</subfield>
    <subfield code="2">lcc</subfield>
  </datafield>
  <datafield tag="999" ind1=" " ind2=" ">
    <subfield code="c">40179</subfield>
    <subfield code="d">40179</subfield>
  </datafield>
</record>
